| 000 | 00378nam a2200109Ia 4500 | ||
|---|---|---|---|
| 008 | 171212s9999 xx 000 0 und d | ||
| 020 | _a9781910634394 | ||
| 245 |
_ceditor Kalaskar, Deepak K.;Butler, Peter E.;Ghali, Shadi _aTextbook of Plastic and Reconstructive Surgery |
||
| 260 |
_bUCL Press _c2016 |
||
| 650 | _aHealth Sciences | ||
| 856 | _uhttp://jstor.org/stable/j.ctt1g69xq0 | ||
| 999 |
_c352894 _d352894 |
||